000 01056nam a22002057a 4500
999 _c3249
_d3249
003 AR-CdUCM
008 190306b ||||| |||| 00| 0 spa d
040 _aMUNICIPALIDAD PROVINCIAL DEL CUSCO
_cBIBLIOTECA MUNICIPAL DEL CUSCO
082 _a345.702 /
_bP19
100 _aBarreda Palma, Dariberto
_910848
245 _aManual de Derecho Procesal Civil /
260 _aLima :
_bFAKIR ,
_c1996.
300 _a205 páginas ;
_c20.7 cm.
505 _aContenido : La Fúncion Jurisdiccional -- Principios Generales del Derecho y su aplicacion -- El debido Proceso -- El Proceso Civil -- La legitimacion en el Proceso Civil -- La Demanda -- La Representacion para la Postulacion del Proceso -- Modificacion, Ampliacion, emplazamiento y notificacion del Proceso -- El derecho de contradiccion -- Contestacion a la demanda -- La reconvencion -- Las excepciones -- Decretos, Autos, Sentencias -- Consencuencias...
650 _aDerecho Penal
_95831
650 _aProceso Civil
_910849
650 _aManual de Derecho
_910850
942 _2ddc
_cLIBROS
945 _artm